000 00890naa a22002777a 4500
001 BR6005156
003 BR-BrBNA
005 20240918172906.0
007 ta
008 230509b bl.||||| |||| 00| 0 por d
040 _aBR-BrBNA
_bpor
_cBiblioteca Nacional de Agricultura
041 _a(Pt)
072 _aF00
_b2480
090 _aF00 BR6005156
100 1 _aCalmon, J.L. de S.
111 1 _a6. Semana do Fazendeiro
_cUrucuca, BA (Brazil)
_d20 Sep 1970
245 1 _aCultura da seringueira
260 3 _aUrucuca, BA (Brasil):
_c1970.
500 _a6. Semana do Fazendeiro Urucuca, BA (Brasil): 1970. p. 69-74 (BR6005156-AM)F00
650 _aSERINGUEIRA
650 _aPRATICA CULTURAL
650 _aPLANTIO
773 0 _t6. Semana do Fazendeiro : Agenda /
_w2110 BR6005147
_gUrucuca, BA (Brasil), 1970.
_q119 p.
909 _a202404
_bLucia
_c55
_dLucia Elande
942 _cAM
_2AGRIS
999 _c301939
_d301939